[Event "Championnat de France 2006 - Open A"]
[Site "BESANCON"]
[Date "2006.08.23"]
[Round "8.7"]
[White "Guilbert, Jean-Louis"]
[Black "Camus, Berenger"]
[Result "0-1"]
[WhiteElo "2042"]
[BlackElo "2135"]
[PlyCount "52"]
[EventDate "2006.??.??"]

1. d4 Nf6 2. c4 e6 3. Nc3 Bb4 4. e3 b6 5. Nge2 Bb7 6. a3 Be7 7. Nf4 d5 8. cxd5
exd5 9. Be2 O-O 10. b4 Bd6 11. O-O Re8 12. Nd3 Ne4 13. Nb5 Bf8 14. f3 Nd6 15.
Nf2 Nd7 16. e4 dxe4 17. Nxd6 Bxd6 18. fxe4 Qh4 19. e5 Nxe5 20. Nh3 Rad8 21. Bg5
Qe4 22. Rf2 Be7 23. Bf3 Nxf3+ 24. gxf3 Qf5 25. Bxe7 Rxe7 26. Kg2 Qg4+ 0-1

[Event "Championnat de France 2006 - Open A"]
[Site "BESANCON"]
[Date "2006.08.23"]
[Round "8.8"]
[White "Debray, Tristan"]
[Black "Guilleux, Fabien"]
[Result "1-0"]
[WhiteElo "2126"]
[BlackElo "2055"]
[PlyCount "77"]
[EventDate "2006.??.??"]

1. e4 c5 2. Nc3 Nc6 3. g3 g6 4. Bg2 Bg7 5. d3 d6 6. Be3 Rb8 7. Qd2 b5 8. f4 b4
9. Nd1 Qb6 10. Nf3 Nd4 11. O-O e6 12. Bxd4 cxd4 13. g4 Nh6 14. Nf2 f5 15. exf5
gxf5 16. g5 Nf7 17. h4 O-O 18. h5 e5 19. Rae1 Qc5 20. Nh4 Nd8 21. Nh3 e4 22.
Kh1 e3 23. Qe2 Be6 24. Rg1 Bh8 25. Bf3 Kf7 26. g6+ hxg6 27. hxg6+ Kf6 28. Qg2
Kg7 29. Qg5 Rf6 30. Qh5 Bg8 31. Rg5 Rb5 32. Re2 Ne6 33. Rg1 Ra5 34. Rh2 Rxa2
35. Ng5 Nf8 36. Nf7 Nxg6 37. Nxh8 Bd5 38. N8xg6 Bxf3+ 39. Nxf3 1-0

[Event "Championnat de France 2006 - Open A"]
[Site "BESANCON"]
[Date "2006.08.23"]
[Round "8.9"]
[White "Dubessay, Bastien"]
[Black "Lewis, John"]
[Result "1/2-1/2"]
[WhiteElo "1993"]
[BlackElo "2112"]
[PlyCount "52"]
[EventDate "2006.??.??"]

1. d4 d5 2. c4 e6 3. cxd5 exd5 4. Nc3 c6 5. Qc2 Nf6 6. Bg5 g6 7. e3 Bf5 8. Bd3
Bxd3 9. Qxd3 Be7 10. Nf3 O-O 11. O-O Nbd7 12. Rab1 a5 13. Rfc1 Re8 14. Qc2 Ne4
15. Bxe7 Qxe7 16. Nxe4 dxe4 17. Nd2 Nb6 18. Qc5 Nd5 19. a3 f5 20. b4 axb4 21.
axb4 f4 22. Qxe7 Rxe7 23. Nc4 Ra2 24. b5 fxe3 25. Nxe3 Rf7 26. bxc6 bxc6
1/2-1/2

[Event "Championnat de France 2006 - Open A"]
[Site "BESANCON"]
[Date "2006.08.23"]
[Round "8.10"]
[White "Buscara, Sevan"]
[Black "Aurel, Luc"]
[Result "1/2-1/2"]
[WhiteElo "1964"]
[BlackElo "2158"]
[PlyCount "90"]
[EventDate "2006.??.??"]

1. d4 d6 2. Bf4 g6 3. Nf3 Bg7 4. e3 Nd7 5. c4 e5 6. Bg5 f6 7. Bh4 Nh6 8. Nc3
Nf5 9. Be2 O-O 10. Qb3 Nxh4 11. Nxh4 f5 12. Nf3 e4 13. Nd2 c6 14. O-O-O Nf6 15.
h4 h5 16. Kb1 Rf7 17. Rc1 d5 18. cxd5 cxd5 19. Na4 b6 20. Bb5 Be6 21. Ba6 Bc8
22. Bxc8 Rxc8 23. Rxc8 Qxc8 24. Nc3 Qd8 25. Qa4 Ng4 26. Rf1 f4 27. Qb3 fxe3 28.
fxe3 Rxf1+ 29. Nxf1 Nf6 30. Qa4 Qc7 31. Qb3 Qd7 32. a4 Kh7 33. Qb5 Qd6 34. b3
a5 35. Kb2 Bf8 36. Ka2 Qc7 37. Kb2 Ba3+ 38. Kxa3 Qxc3 39. Ka2 Qc2+ 40. Ka3 Qb1
41. b4 axb4+ 42. Qxb4 Qa1+ 43. Kb3 Qxf1 44. Qe7+ Kh8 45. Qxf6+ Kh7 1/2-1/2

[Event "Championnat de France 2006 - Open B"]
[Site "BESANCON"]
[Date "2006.08.23"]
[Round "8.1"]
[White "Pingue, Renaud"]
[Black "Marceline, Philippe"]
[Result "1/2-1/2"]
[WhiteElo "1932"]
[BlackElo "1880"]
[PlyCount "32"]
[EventDate "2006.??.??"]

1. e4 Nf6 2. Nc3 d5 3. exd5 Nxd5 4. Bc4 Nb6 5. Bb3 Nc6 6. Nf3 g6 7. O-O Bg7 8.
d3 O-O 9. Bf4 Bg4 10. h3 Bxf3 11. Qxf3 Na5 12. Rfe1 Nxb3 13. axb3 c6 14. Qe2
Re8 15. Be5 Bxe5 16. Qxe5 Nd7 1/2-1/2

[Event "Championnat de France 2006 - Open B"]
[Site "BESANCON"]
[Date "2006.08.23"]
[Round "8.2"]
[White "Le, Samuel"]
[Black "Baudon, Sebastien"]
[Result "1-0"]
[WhiteElo "1937"]
[BlackElo "1984"]
[PlyCount "115"]
[EventDate "2006.??.??"]

1. e4 c5 2. Nf3 Nc6 3. d4 cxd4 4. Nxd4 Nf6 5. Nc3 e5 6. Ndb5 d6 7. Bg5 a6 8.
Bxf6 gxf6 9. Na3 b5 10. Nd5 f5 11. c3 Bg7 12. Nc2 fxe4 13. Qh5 O-O 14. g4 Be6
15. Nce3 Ne7 16. Rd1 Nxd5 17. Rxd5 Bxd5 18. Nxd5 Qe8 19. Qf5 Qe6 20. Qxe4 Ra7
21. Bd3 Qg6 22. Qe3 Qxg4 23. h3 Qe6 24. Rg1 e4 25. Bxe4 {#} 25... f5 26. Qxa7
Qxe4+ 27. Ne3 Qb1+ 28. Nd1 Qe4+ 29. Kd2 Qe5 30. Qxa6 Kh8 31. Qb7 Re8 32. Qf3
Bh6+ 33. Kc2 d5 34. Qd3 b4 35. cxb4 Rc8+ 36. Kb3 d4 37. a4 Rc1 38. Ka2 Qe6+ 39.
b3 Bg7 40. Rf1 Rc7 41. Nb2 Rc3 42. Qd1 Rxh3 43. Re1 Qf7 44. Nd3 h5 45. Nf4 Rh4
46. Qf3 Kh7 47. Ne6 Qf6 48. Qb7 Rg4 49. Qh1 h4 50. Qf3 Bh8 51. Nc5 Rg6 52. Re6
Qg5 53. a5 Qd2+ 54. Ka3 Qc1+ 55. Ka4 Qa1+ 56. Kb5 Qf1+ 57. Kb6 h3 58. Qh5+ 1-0

[Event "Championnat de France 2006 - Open B"]
[Site "BESANCON"]
[Date "2006.08.23"]
[Round "8.3"]
[White "Fevre, Mathieu"]
[Black "Tardif, Olivier"]
[Result "1-0"]
[WhiteElo "1905"]
[BlackElo "1979"]
[PlyCount "65"]
[EventDate "2006.??.??"]

1. e4 e5 2. Nf3 Nc6 3. Bc4 Bc5 4. c3 Nf6 5. d4 exd4 6. cxd4 Bb4+ 7. Nc3 d5 8.
exd5 Nxd5 9. O-O Bxc3 10. bxc3 O-O 11. Qc2 h6 12. Re1 Be6 13. Bd3 Nf6 14. Rb1
Bd5 15. Ne5 Re8 16. f4 Ng4 17. Rf1 Nf6 18. Bb2 Nxe5 19. fxe5 Ng4 20. Rbe1 Qh4
21. h3 c5 22. hxg4 cxd4 23. cxd4 Qxg4 24. a3 Rac8 25. Qe2 Qg5 26. Rf5 Qg3 27.
Ref1 Rc7 28. Be4 Bxe4 29. Qxe4 Qb3 30. R5f2 Rec8 31. Qf3 Qa4 32. d5 Qd7 33. Qb3
1-0

[Event "Championnat de France 2006 - Open B"]
[Site "BESANCON"]
[Date "2006.08.23"]
[Round "8.4"]
[White "Cabanes, Kim"]
[Black "Chebance, Benoit"]
[Result "1-0"]
[WhiteElo "1900"]
[BlackElo "1980"]
[PlyCount "85"]
[EventDate "2006.??.??"]

1. e4 d6 2. d4 Nf6 3. Nc3 g6 4. Be3 Bg7 5. f3 c6 6. Qd2 Qa5 7. Bh6 Bxh6 8. Qxh6
Be6 9. Bd3 Nbd7 10. Nge2 Nb6 11. a3 Qh5 12. Qd2 Bc4 13. O-O-O Qa5 14. g4 Bxd3
15. Qxd3 Nbd7 16. h4 h5 17. g5 Nh7 18. f4 O-O-O 19. Qc4 Rhf8 20. Kb1 Kb8 21.
Nc1 Nb6 22. Qe2 Na4 23. Nxa4 Qxa4 24. Rhf1 f6 25. Nb3 b6 26. f5 Rg8 27. fxg6
Nf8 28. gxf6 exf6 29. Rxf6 Rxg6 30. Rdf1 Rxf6 31. Rxf6 c5 32. Qh2 Qd7 33. dxc5
bxc5 34. Nxc5 Qc6 35. Nd3 Ka8 36. e5 Qb5 37. exd6 Nd7 38. Rf4 a5 39. Qg2+ Ka7
40. Qf2+ Ka6 41. Rf5 Qc6 42. b4 Nb6 43. b5+ 1-0

[Event "Championnat de France 2006 - Open B"]
[Site "BESANCON"]
[Date "2006.08.23"]
[Round "8.5"]
[White "Iwanesko, Alexandre"]
[Black "Girardot, Philippe"]
[Result "1-0"]
[WhiteElo "1760"]
[BlackElo "1962"]
[PlyCount "79"]
[EventDate "2006.??.??"]

1. c4 e6 2. Nc3 d5 3. cxd5 exd5 4. d4 c6 5. Nf3 Bf5 6. Bf4 Nf6 7. e3 Nbd7 8.
Bd3 Bxd3 9. Qxd3 Be7 10. Rb1 a5 11. O-O Nh5 12. Qf5 Nxf4 13. exf4 O-O 14. Ne5
Nf6 15. g4 g6 16. Qd3 Nd7 17. Kh1 Kh8 18. Rbe1 f6 19. Nxg6+ hxg6 20. Qxg6 Qe8
21. Qh6+ Kg8 22. g5 fxg5 23. Re6 Rf6 24. Qxg5+ Kf8 25. Rg1 Qf7 26. Qh4 {#}
26... Ke8 27. Re3 Nf8 28. Rge1 Re6 29. Rxe6 Nxe6 30. Qh8+ Nf8 31. Qe5 Kd7 32.
Na4 Ng6 33. Nb6+ Kd8 34. Qh5 Ra6 35. f5 Rxb6 36. fxg6 Qg7 37. b3 Bf6 38. Qf5
Rb4 39. Qe6 Rxd4 40. Qd6+ 1-0

[Event "Championnat de France 2006 - Open C"]
[Site "BESANCON"]
[Date "2006.08.23"]
[Round "8.1"]
[White "Farinone, Jean-Marc"]
[Black "Louison, Lewis"]
[Result "1-0"]
[WhiteElo "1599"]
[BlackElo "1660"]
[PlyCount "59"]
[EventDate "2006.??.??"]

1. d4 Nf6 2. c4 e5 3. d5 Bc5 4. e3 d6 5. Nc3 c6 6. Nge2 Ng4 7. Ng3 Bb4 8. Be2
Bxc3+ 9. bxc3 Nf6 10. O-O Qa5 11. dxc6 Nxc6 12. Qxd6 Qxc3 13. Ba3 e4 14. Rac1
Qe5 15. Qd2 Be6 16. Bb2 Qg5 17. Bxf6 Qxf6 18. Nxe4 Qg6 19. Nd6+ Ke7 20. Nxb7
Rhe8 21. Qd6+ Kf6 22. Qxc6 Rac8 23. Qf3+ Qf5 24. Qxf5+ Bxf5 25. Nd6 Rc5 26.
Nxf5 Rxf5 27. c5 h5 28. c6 Rc8 29. c7 Rb5 30. Bxb5 1-0

[Event "Championnat de France 2006 - Open C"]
[Site "BESANCON"]
[Date "2006.08.23"]
[Round "8.2"]
[White "Vinckier, Delphine"]
[Black "Roussey, Quentin"]
[Result "0-1"]
[WhiteElo "1590"]
[BlackElo "1570"]
[PlyCount "112"]
[EventDate "2006.??.??"]

1. e4 d5 2. exd5 Nf6 3. Nc3 Nxd5 4. Bc4 e6 5. Nge2 Nc6 6. O-O Nb6 7. Bb5 Bd7 8.
d4 Bd6 9. Re1 O-O 10. Be3 a6 11. Bd3 Nb4 12. Be4 N4d5 13. Nxd5 exd5 14. Bd3 Qf6
15. Ng3 g6 16. Qd2 Rfe8 17. c3 Be6 18. Bg5 Qg7 19. f4 f6 20. f5 Bxg3 21. Rxe6
Bxh2+ 22. Kxh2 fxg5 23. Rxe8+ Rxe8 24. Qxg5 gxf5 25. Qxg7+ Kxg7 26. Bxf5 Nc4
27. b3 Nd6 28. Bg4 Kg6 29. Bf3 c6 30. Rc1 Re3 31. Kg1 Nb5 32. c4 Nxd4 33. Kf2
Re5 34. cxd5 Nxf3 35. Kxf3 Rxd5 36. Ke3 Kf5 37. Rf1+ Ke6 38. g4 Ra5 39. a4 h5
40. gxh5 Rxh5 41. Rf3 Kd5 42. Kd3 Kc5 43. Kc3 Kb6 44. b4 a5 45. bxa5+ Kxa5 46.
Kb3 c5 47. Rc3 b6 48. Rc4 Rd5 49. Kc3 Rd4 50. Rxd4 cxd4+ 51. Kxd4 Kxa4 52. Kc3
b5 53. Kb2 Kb4 54. Kc2 Ka3 55. Kb1 b4 56. Ka1 b3 0-1

[Event "Championnat de France 2006 - Open C"]
[Site "BESANCON"]
[Date "2006.08.23"]
[Round "8.3"]
[White "Lasserre, Marc"]
[Black "Vernay, Gaspard"]
[Result "0-1"]
[WhiteElo "1636"]
[BlackElo "1690"]
[PlyCount "88"]
[EventDate "2006.??.??"]

1. d4 d5 2. a3 c6 3. b4 e6 4. Nf3 Nf6 5. Bb2 a5 6. c3 Bd6 7. e3 O-O 8. Be2 Nbd7
9. O-O e5 10. dxe5 Nxe5 11. Nbd2 Bg4 12. Nxe5 Bxe2 13. Qxe2 Bxe5 14. Rfd1 Qc7
15. g3 axb4 16. axb4 Qb6 17. Nb3 Ne4 18. Qc2 Rxa1 19. Rxa1 Bf6 20. Kg2 Re8 21.
Qd3 g6 22. Nd4 Rd8 23. Qc2 Re8 24. Qd3 c5 25. Ne2 cxb4 26. Rb1 Rd8 27. cxb4
Bxb2 28. Rxb2 Qf6 29. Nd4 Ng5 30. Qe2 Re8 31. Qb5 Re7 32. Qxd5 Ne4 33. Qb3 Nd6
34. Ne2 Ne4 35. Nf4 Qg7 36. Rc2 h6 37. Qd3 Qf8 38. Rc4 Nf6 39. Nd5 Nxd5 40.
Qxd5 Qa8 41. h4 Re6 42. Qd7 $4 b5+ 43. Kh2 bxc4 44. Qd4 Qc6 0-1

[Event "Championnat de France 2006 - Open C"]
[Site "BESANCON"]
[Date "2006.08.23"]
[Round "8.4"]
[White "Saucey, Capucine"]
[Black "Souquet, Amedee"]
[Result "1-0"]
[WhiteElo "1660"]
[BlackElo "1660"]
[PlyCount "81"]
[EventDate "2006.??.??"]

1. e4 c5 2. Nc3 d6 3. f4 g6 4. Bb5+ Bd7 5. Bxd7+ Qxd7 6. Nf3 Bg7 7. O-O Nc6 8.
Ne2 Nf6 9. Ng3 h5 10. d3 h4 11. Nh1 h3 12. g3 Ng4 13. Nf2 f5 14. c3 e5 15. Ng5
Nxf2 16. Rxf2 O-O-O 17. Qb3 Rde8 18. Qd5 Bf6 19. Nf7 exf4 20. Nxd6+ Kb8 21.
Nxe8 Qxe8 22. Qd6+ Ka8 23. Qxf6 fxg3 24. hxg3 Ne5 25. Qg5 h2+ 26. Kh1 Ng4 27.
Rf4 Rh6 28. Rxg4 Rh7 29. Qxg6 Rf7 30. Rf4 Qe7 31. Rxf5 Rxf5 32. Qxf5 a5 33. Be3
b6 34. Rf1 Qd6 35. Qf8+ Qxf8 36. Rxf8+ Ka7 37. Kxh2 a4 38. e5 Ka6 39. c4 Ka5
40. Ra8+ Kb4 41. Bd2# 1-0

[Event "Championnat de France 2006 - Open C"]
[Site "BESANCON"]
[Date "2006.08.23"]
[Round "8.5"]
[White "De Castet, Antoine"]
[Black "Perradin, Vincent"]
[Result "0-1"]
[WhiteElo "1570"]
[BlackElo "1690"]
[PlyCount "54"]
[EventDate "2006.??.??"]

1. c4 e5 2. Nc3 Nf6 3. Nf3 Nc6 4. g3 Bb4 5. Bg2 O-O 6. O-O Bxc3 7. bxc3 d6 8.
d4 e4 9. Ng5 Bf5 10. Qb3 Qd7 11. Qc2 Rfe8 12. g4 Bg6 13. Qb3 h6 14. Nh3 Nxg4
15. Qxb7 Rab8 16. Qa6 Ne7 17. Qa3 Nf5 18. Nf4 Nh4 19. Nxg6 Nxg2 20. Kxg2 fxg6
21. Qxa7 Nf6 22. d5 Qg4+ 23. Kh1 Qxe2 24. Be3 Ng4 25. Qxc7 Nxe3 26. fxe3 Rb2
27. Qxd6 Qg2# 0-1

[Event "Championnat de France 2006 - Vétérans"]
[Site "BESANCON"]
[Date "2006.08.23"]
[Round "8.1"]
[White "Meinsohn, Francis"]
[Black "Oger, Claude"]
[Result "1/2-1/2"]
[WhiteElo "2250"]
[BlackElo "1962"]
[PlyCount "107"]
[EventDate "2006.??.??"]

1. d4 Nf6 2. c4 e5 3. dxe5 Ng4 4. Bf4 Bb4+ 5. Nd2 Nc6 6. Ngf3 Qe7 7. a3 Ngxe5
8. Nxe5 Nxe5 9. e3 Bxd2+ 10. Qxd2 d6 11. Be2 O-O 12. O-O Be6 13. c5 Rfd8 14.
cxd6 cxd6 15. Rac1 Rac8 16. Qd4 Nc6 17. Qa4 d5 18. Rfd1 d4 19. exd4 Bd5 20. Bf1
Qe4 21. Bg5 f6 22. Be3 g5 23. Qc2 Qg4 24. h3 Qe6 25. Bc4 Rc7 26. Bxd5 Rxd5 27.
Re1 Qf7 28. Qb3 Rcd7 29. Red1 Kg7 30. Rc3 h6 31. f3 f5 32. Rcd3 f4 33. Bf2 Qf5
34. Re1 Qf6 35. Re4 h5 36. Qc3 Qf5 37. Rd2 Qf6 38. Qc4 a6 39. Qc3 Kf7 40. Qb3
Kg7 41. Qb6 $4 Rb5 42. Qxb5 axb5 43. d5 Qf7 44. d6 Qf6 45. Bc5 b6 46. Bd4 Nxd4
47. Rexd4 Qe5 48. Kf1 Qc5 49. Ke2 Kf6 50. Kd1 Qf5 51. Ke2 Qb1 52. Kf2 Qc1 53.
Ke2 Qc5 54. Ke1 1/2-1/2

[Event "Championnat de France 2006 - Vétérans"]
[Site "BESANCON"]
[Date "2006.08.23"]
[Round "8.2"]
[White "Ancival, Lucien"]
[Black "Goldenberg, Richard"]
[Result "0-1"]
[WhiteElo "2044"]
[BlackElo "2329"]
[PlyCount "60"]
[EventDate "2006.??.??"]

1. c4 d6 2. g3 e5 3. Bg2 g6 4. Nf3 Bg7 5. d4 Nd7 6. dxe5 dxe5 7. Nc3 Ne7 8. O-O
O-O 9. e4 Nc5 10. Be3 Ne6 11. b4 Nc6 12. Nd5 Ncd4 13. Rc1 c6 14. Nc3 Qe7 15.
Qa4 Bd7 16. a3 a5 17. Rfd1 {#} 17... b5 18. cxb5 cxb5 19. Nd5 Qd8 20. Nxd4 bxa4
21. Nxe6 fxe6 22. Nb6 Ra7 23. Rc8 Bxc8 24. Rxd8 Rxd8 25. Nxc8 Rxc8 26. Bxa7
Rc1+ 27. Bf1 axb4 28. Be3 Rd1 29. axb4 a3 30. Kg2 Rxf1 0-1

[Event "Championnat de France 2006 - Vétérans"]
[Site "BESANCON"]
[Date "2006.08.23"]
[Round "8.3"]
[White "Danzanvilliers, Patrice"]
[Black "Degrave, Jack"]
[Result "0-1"]
[WhiteElo "1888"]
[BlackElo "2042"]
[PlyCount "32"]
[EventDate "2006.??.??"]

1. e4 e6 2. d4 d5 3. Nc3 Bb4 4. e5 Ne7 5. a3 Bxc3+ 6. bxc3 c5 7. Qg4 Kf8 8. Nf3
Nbc6 9. Bd3 Qa5 10. Bd2 Qa4 11. Ng5 Nxe5 12. Qh5 Nxd3+ 13. cxd3 Ng6 14. dxc5 f6
15. Nh3 e5 16. O-O Bg4 0-1

[Event "Championnat de France 2006 - Vétérans"]
[Site "BESANCON"]
[Date "2006.08.23"]
[Round "8.4"]
[White "Rosenfeld, Imre"]
[Black "Patrat, Joel"]
[Result "1-0"]
[WhiteElo "2042"]
[BlackElo "2003"]
[PlyCount "103"]
[EventDate "2006.??.??"]

1. d4 e6 2. Nf3 f5 3. Bg5 Nf6 4. Nbd2 d5 5. e3 Bd6 6. Be2 O-O 7. O-O Qe8 8. Ne1
e5 9. dxe5 Bxe5 10. Nd3 Bd6 11. Bf4 Bxf4 12. Nxf4 g5 13. Nd3 c6 14. c4 Nbd7 15.
Nb4 a5 16. Nc2 Ne5 17. cxd5 cxd5 18. Nf3 Nf7 19. Ncd4 g4 20. Ne1 Ng5 21. Nd3 h5
22. Nf4 h4 23. Qd3 Nge4 24. Rac1 Rf7 25. Rc2 g3 26. fxg3 hxg3 27. h3 Nf2 28.
Qb3 a4 29. Qa3 Re7 30. Qd6 N2e4 31. Qb4 Ng5 32. Qd6 Nge4 33. Qb4 Kg7 34. Bf3
Qd8 35. Re1 Bd7 36. Rec1 Ra6 37. Qe1 Kf7 38. Bxe4 Nxe4 39. Nxd5 Re5 40. Nf4 Rd6
41. Qb4 Bc6 42. Qc4+ Kf6 43. Rf1 Ng5 44. Nh5+ Kg6 45. Nxg3 Bd5 46. Qe2 Qh8 47.
Ndxf5 Rd8 48. Qg4 Be4 49. Rcf2 Bd3 50. Re1 Rf8 51. e4 Bc4 52. h4 1-0

[Event "Championnat de France 2006 - Vétérans"]
[Site "BESANCON"]
[Date "2006.08.23"]
[Round "8.5"]
[White "Blum, Pierre"]
[Black "Birens, Eric-Andre"]
[Result "0-1"]
[WhiteElo "1818"]
[BlackElo "2037"]
[PlyCount "59"]
[EventDate "2006.??.??"]

1. e4 c5 2. a3 Nc6 3. b4 cxb4 4. axb4 Nxb4 5. d4 d5 6. c3 Nc6 7. exd5 Qxd5 8.
Na3 e6 9. Nb5 Kd8 10. Bf4 e5 11. dxe5 Qxd1+ 12. Rxd1+ Bd7 13. e6 fxe6 14. Nc7
e5 15. Ne6+ Ke7 16. Nxf8 Rxf8 17. Be3 b6 18. Nf3 Nf6 19. Bb5 Rc8 20. Bxc6 Rxc6
21. Nxe5 Rxc3 22. O-O Be6 23. Bd4 Rc7 24. Rfe1 Rhc8 25. f4 Kf8 26. Ng6+ hxg6
27. Rxe6 Rc1 28. Rxc1 Rxc1+ 29. Kf2 Kf7 30. Rd6 0-1

[Event "Championnat de France 2006 - Accession"]
[Site "BESANCON"]
[Date "2006.08.24"]
[Round "9.2"]
[White "Robin, Samy"]
[Black "Edouard, Romain"]
[Result "0-1"]
[WhiteElo "2289"]
[BlackElo "2404"]
[PlyCount "108"]
[EventDate "2006.??.??"]

1. e4 c5 2. Nf3 d6 3. d4 cxd4 4. Nxd4 Nf6 5. Nc3 Nc6 6. f3 e5 7. Nb3 Be7 8. Be3
O-O 9. Qd2 a5 10. Bb5 Be6 11. Rd1 Na7 12. Bd3 Nc8 13. a4 Nb6 14. Qf2 Nfd7 15.
O-O Bg5 16. Bxg5 Qxg5 17. Bb5 Qe7 18. Qd2 Bc4 19. Nd5 Qd8 20. Bxc4 Nxc4 21. Qe2
Nxb2 22. Ra1 Nb6 23. Qb5 N2c4 24. Rfd1 Nxd5 25. Rxd5 Qc7 26. Nd2 Ne3 27. Rd3
Nxc2 28. Rc1 Rac8 29. Nb3 Qe7 30. Qxa5 Rc6 31. Qd2 Rfc8 32. Rd1 Rc4 33. Rc1 h6
34. h3 Na3 35. Rxc4 Nxc4 36. Qb4 Rc6 37. Rc3 Qc7 38. Kh2 Kf8 39. Rd3 Qb6 40.
Qxb6 Rxb6 41. Nd2 Nb2 42. Ra3 Rb4 43. a5 Na4 44. Rd3 Ke7 45. Nb3 Kd7 46. Kg3
Kc6 47. Kg4 g6 48. Nc1 f5+ 49. Kg3 fxe4 50. fxe4 Rxe4 51. Rf3 Rc4 52. Ne2 Nc5
53. h4 h5 54. Rf8 Re4 0-1

[Event "Championnat de France 2006 - Accession"]
[Site "BESANCON"]
[Date "2006.08.24"]
[Round "9.3"]
[White "Bijaoui, Manuel"]
[Black "Benitah, Yohan"]
[Result "1/2-1/2"]
[WhiteElo "2363"]
[BlackElo "2406"]
[PlyCount "40"]
[EventDate "2006.??.??"]

1. e4 c5 2. Nf3 d6 3. d4 cxd4 4. Nxd4 Nf6 5. Nc3 a6 6. Bg5 e6 7. f4 Qc7 8. Bxf6
gxf6 9. Be2 Nc6 10. Nb3 Qb6 11. Qd2 h5 12. Rf1 Bd7 13. O-O-O O-O-O 14. Kb1 Kb8
15. Qd3 Be7 16. Qh3 h4 17. Bg4 Bc8 18. Qd3 Nb4 19. Qh3 Nc6 20. Qd3 Nb4 1/2-1/2

[Event "Championnat de France 2006 - Accession"]
[Site "BESANCON"]
[Date "2006.08.24"]
[Round "9.4"]
[White "Crut, Aurelien"]
[Black "Chomet, Pascal"]
[Result "1/2-1/2"]
[WhiteElo "2342"]
[BlackElo "2350"]
[PlyCount "74"]
[EventDate "2006.??.??"]

1. e4 g6 2. d4 Bg7 3. Nc3 d6 4. f4 Nf6 5. Nf3 O-O 6. Bd3 Na6 7. O-O c5 8. d5 e6
9. dxe6 fxe6 10. e5 dxe5 11. Bxa6 Qxd1 12. Rxd1 bxa6 13. Nxe5 Bb7 14. g3 Ne4
15. Nxe4 Bxe4 16. Be3 Bxe5 17. fxe5 Bxc2 18. Rd7 Rfd8 19. Rxd8+ Rxd8 20. Rc1
Rd1+ 21. Rxd1 Bxd1 22. Bxc5 Kf7 23. Bxa7 Bc2 24. Be3 a5 25. a4 Bxa4 26. Bd2 h5
27. Kf2 Ke7 28. h4 Kd7 29. Bxa5 Kc6 30. Ke3 Bc2 31. Kf4 Bf5 32. Bd8 Kb5 33. Be7
Kc4 34. b4 Kb5 35. Bc5 Kc4 36. Bd6 Kb5 37. Ke3 Kc4 1/2-1/2

[Event "Championnat de France 2006 - Accession"]
[Site "BESANCON"]
[Date "2006.08.24"]
[Round "9.6"]
[White "Chernuschevich, Alexei"]
[Black "Debray, Christopher"]
[Result "1-0"]
[WhiteElo "2524"]
[BlackElo "2284"]
[PlyCount "80"]
[EventDate "2006.??.??"]

1. d4 Nf6 2. Nf3 g6 3. Bg5 Bg7 4. Nbd2 c5 5. c3 cxd4 6. cxd4 d5 7. e3 Qb6 8.
Qb3 Qxb3 9. Nxb3 Nc6 10. Bb5 Ne4 11. Bxc6+ bxc6 12. Rc1 Bd7 13. Bf4 f6 14. Nfd2
Nxd2 15. Kxd2 Bf8 16. a3 a5 17. Nc5 e6 18. Na4 Ra7 19. Rc3 Rb7 20. Kc2 Be7 21.
Rb3 Rb5 22. Rc1 Bc8 23. Nc3 Rxb3 24. Kxb3 Ba6 25. Bc7 Kd7 26. Bxa5 Rb8+ 27. Kc2
Bc4 28. b4 e5 29. Na4 Bb5 30. Nb2 exd4 31. exd4 f5 32. Nd3 Bf6 33. Nc5+ Ke7 34.
Kc3 Kf7 35. a4 Bc4 36. Re1 Rc8 37. Bb6 Be7 38. Nd7 Bd6 39. Bc5 Bxc5 40. bxc5
Rc7 1-0

[Event "Championnat de France 2006 - Accession"]
[Site "BESANCON"]
[Date "2006.08.24"]
[Round "9.7"]
[White "Vitoux, Colomban"]
[Black "Seret, Jean-Luc"]
[Result "0-1"]
[WhiteElo "2300"]
[BlackElo "2378"]
[PlyCount "62"]
[EventDate "2006.??.??"]

1. e4 d6 2. d4 Nf6 3. Nc3 Nbd7 4. Nf3 e5 5. Bc4 Be7 6. O-O O-O 7. a4 c6 8. a5
Rb8 9. d5 b5 10. axb6 Nxb6 11. Bb3 cxd5 12. Nxd5 Nbxd5 13. exd5 Bg4 14. h3 Bh5
15. g4 Bg6 16. Rxa7 h5 17. Nh4 Bh7 18. Nf5 Bxf5 19. gxf5 Rb4 20. c3 Rh4 21. Bg5
Rxh3 22. Kg2 Ng4 23. Rxe7 Rh2+ 24. Kg3 f6 25. Bc1 Qxe7 26. f3 h4+ 27. Kxg4 g6
28. Qd3 Qh7 29. fxg6 Rg2+ 30. Kh3 Rg3+ 31. Kh2 Qd7 0-1

[Event "Championnat de France 2006 - Accession"]
[Site "BESANCON"]
[Date "2006.08.24"]
[Round "9.8"]
[White "Jolly, Jean-Francois"]
[Black "Manouck, Thierry"]
[Result "0-1"]
[WhiteElo "2266"]
[BlackElo "2337"]
[PlyCount "80"]
[EventDate "2006.??.??"]

1. d4 d6 2. e4 Nf6 3. Nc3 Nbd7 4. Nf3 e5 5. Bc4 Be7 6. O-O O-O 7. a4 a5 8. h3
c6 9. Bb3 h6 10. Nh4 exd4 11. Qxd4 Nc5 12. Ba2 Ncxe4 13. Nxe4 Nxe4 14. Ng6 Bf6
15. Bxf7+ Rxf7 16. Qxe4 d5 17. Qd3 Bf5 18. Qxf5 Bxb2 19. Qe6 Bxa1 20. Nh8 Qd7
21. Qxf7+ Qxf7 22. Nxf7 Kxf7 23. Be3 Bc3 24. Rb1 b5 25. axb5 cxb5 26. Rxb5 a4
27. Bc1 a3 28. Bxa3 Rxa3 29. Rxd5 Ra2 30. Rf5+ Ke6 31. Rf3 Rxc2 32. g3 Bd4 33.
Kf1 Rc7 34. Ra3 Ke5 35. Rf3 Rc6 36. Ra3 Ke4 37. Kg2 Rf6 38. Ra2 Rf7 39. Re2+
Kd3 40. Ra2 Ra7 0-1

[Event "Championnat de France 2006 - Accession"]
[Site "BESANCON"]
[Date "2006.08.24"]
[Round "9.9"]
[White "Khairallah, Faisal"]
[Black "Riff, Vincent"]
[Result "1-0"]
[WhiteElo "2248"]
[BlackElo "2328"]
[PlyCount "75"]
[EventDate "2006.??.??"]

1. e4 c5 2. Nf3 Nc6 3. Nc3 e5 4. Bc4 Be7 5. d3 d6 6. h3 Nf6 7. a3 Be6 8. Nd5
O-O 9. O-O Rb8 10. c3 b5 11. Ba2 a5 12. Ng5 Bxd5 13. exd5 Na7 14. f4 Nd7 15.
Nf3 Bf6 16. Kh1 b4 17. axb4 axb4 18. fxe5 dxe5 19. Nd2 bxc3 20. bxc3 Bg5 21.
Ne4 Bxc1 22. Qxc1 Nc8 23. Qe3 Qe7 24. Rf2 Nd6 25. Nxc5 Nxc5 26. Qxc5 Rfc8 27.
Qa3 Ra8 28. Qb2 e4 29. dxe4 Nxe4 30. Rf3 Qe5 31. d6 Qxd6 32. Qb7 Ng3+ 33. Rxg3
Qxg3 34. Bxf7+ Kf8 35. Rf1 Qd6 36. Bd5+ Ke8 37. Qf7+ Kd8 38. Bxa8 1-0

[Event "Championnat de France 2006 - Accession"]
[Site "BESANCON"]
[Date "2006.08.24"]
[Round "9.10"]
[White "Alanic, Xavier"]
[Black "Fargere, Francois"]
[Result "1/2-1/2"]
[WhiteElo "2202"]
[BlackElo "2311"]
[PlyCount "44"]
[EventDate "2006.??.??"]

1. e4 c5 2. c4 Nc6 3. Nc3 g6 4. g3 Bg7 5. d3 d6 6. Bg2 Nf6 7. Nge2 O-O 8. O-O
a6 9. Rb1 Ne8 10. a3 a5 11. f4 Bg4 12. h3 Bxe2 13. Nxe2 Nc7 14. a4 Ne6 15. Be3
Ned4 16. Nc3 e6 17. Kh2 f5 18. Bg1 Kh8 19. Re1 Qd7 20. Qd2 Nb3 21. Qd1 Nbd4 22.
Qd2 Nb3 1/2-1/2

[Event "Championnat de France 2006 - Accession"]
[Site "BESANCON"]
[Date "2006.08.24"]
[Round "9.11"]
[White "Feller, Sebastien"]
[Black "Houriez, Clement"]
[Result "1-0"]
[WhiteElo "2345"]
[BlackElo "2125"]
[PlyCount "89"]
[EventDate "2006.??.??"]

1. Nf3 g6 2. e4 c5 3. d4 Bg7 4. d5 d6 5. c4 Nf6 6. Nc3 O-O 7. h3 e6 8. Bd3 exd5
9. cxd5 Na6 10. O-O Nc7 11. a4 b6 12. Re1 Bb7 13. Bf4 a6 14. Nd2 Rb8 15. Nc4
Nce8 16. Bf1 Ba8 17. e5 dxe5 18. Nxe5 Bb7 19. Nc6 Bxc6 20. dxc6 Qxd1 21. Raxd1
Rc8 22. Bxa6 Rxc6 23. Bb7 Re6 24. Rxe6 fxe6 25. Bc6 Kf7 26. Bb8 Nd5 27. Nxd5
exd5 28. Bxd5+ Ke7 29. Ba7 Bxb2 30. Bxb6 Bd4 31. Bf3 Kd6 32. a5 Nc7 33. Bxc7+
Kxc7 34. Rb1 Rb8 35. Rxb8 Kxb8 36. Be2 g5 37. g3 Kb7 38. Bc4 Be5 39. Kg2 Kc6
40. Kf3 Bd4 41. Ke2 Be5 42. a6 h6 43. Kd3 Bb8 44. Ke4 Kd6 45. Kf5 1-0

[Event "Championnat de France 2006 - Accession"]
[Site "BESANCON"]
[Date "2006.08.24"]
[Round "9.23"]
[White "Karim, Ismael"]
[Black "Leburgue, Sylvain"]
[Result "1-0"]
[WhiteElo "2288"]
[BlackElo "2197"]
[PlyCount "42"]
[EventDate "2006.??.??"]

1. e4 c5 2. Nf3 Nc6 3. d4 cxd4 4. Nxd4 Nf6 5. Nc3 e5 6. Ndb5 d6 7. Bg5 a6 8.
Na3 b5 9. Nd5 Be7 10. Bxf6 Bxf6 11. c4 b4 12. Nc2 Rb8 13. b3 Bg5 14. g3 O-O 15.
Bg2 Be6 16. O-O Qd7 17. Qd3 a5 18. Rad1 Bxd5 19. Qxd5 Rfd8 20. f4 Bf6 21. Kh1
Qa7 1-0